00533nam a2200109Ia 4500008004100000040004400041100003700085245021300122260005400335300001000389600002400399180412s9999||||xx |||||||||||||| ||und|| aAhmadu Bello University Library - Zaria aPAN AMERICAN HEALTH ORGANIZATION 0aNutrition, the nervous system, and behaviour. Proceedings of the seminar on malnutrition in early life and subsequent mental development. Mona, Jamaica. January 10-14, 1972.cPan American Health Organization. bPan American Health Organization,Washingtonc1972 a148p. aBrain;Malnutrition.